000 00905nam a2200265Ia 4500
003 OSt
005 20221005111111.0
006 a|||||r|||| 00| 0
007 ta
008 221004b |||||||| |||| 00| 0 hin d
020 _a9789350009444 (hbk)
_c495
024 _a10962
037 _b343, 20/03/2014, Vani Prakashan
_cTextual
040 _aCRL
_cCRL
_bhin
041 _2hin
_ahin
082 _aO152,6N41x, Q2
100 _aपाण्डेय, मैनेजर
245 0 _aअनभै सॉंचा
246 _aAnabhai saॉanchā
260 _aनई दिल्ली
_bवाणी प्रकाशन भारत
_c2012
300 _a300पृ0
_ccm.
650 _aहिन्दी साहित्य
942 _hO152,6N41x, Q2
_cTEXL
_2cc
999 _c1020819
_d1020819